Music Quiz

Random Music or Lyrics Quiz

Comfortably Numb Lyrics Quiz Stats

 Plays Quiz not verified by Sporcle

Also try: Odd Song Out: Kpop
Challenge
Share
Tweet
Embed
Score 0/46 Timer 07:00
0 Plays Today
Previous words Missing words % Correct
(Start of song)Hello? (Hello?) (Hello?)
96.6%
Just nod...if you can hear me
96.3%
Is there...anybody in there?
92.2%
Is there...anyone home?
83.5%
Come on...now
81.1%
Get you....on your feet again
69.3%
(1 word)Relax (Relax) (Relax)
68.9%
When I...was a child
67.7%
I...have become comfortably numb
66.8%
I...have become comfortably numb
66.8%
I...have become comfortably numb
66.8%
When I...was a child
66.5%
I'll...need some information first
66.1%
Just...the basic facts
64.6%
Can you...show me where it hurts?
63.4%
My hands...felt just like two balloons
60.9%
There is...no pain, you are receding
60.2%
There is...no pain, you are receding
60.2%
Well...I can ease your pain
59.3%
Just a...little pin prick
58.4%
Your lips...move, but I can't hear what you're saying
58.1%
Your lips...move, but I can't hear what you're saying
58.1%
You are...only coming through in waves
57.1%
Previous words Missing words % Correct
You are...only coming through in waves
57.1%
I...hear you're feeling down
55.9%
I had...a fever
55.6%
There'll be...no more Ahhhhhhhhooooowwww
55.3%
Out of...the corner of my eye
54.7%
Name of GuitaristDavid Gilmour
53.7%
The dream...is gone
53.7%
Name of GuitaristDavid Gilmour
53.7%
This is...not how I am
52.8%
A distant...ship's smoke on the horizon
51.9%
A distant...ship's smoke on the horizon
51.9%
Come on...it's time to go
50.9%
But you...may feel a little sick
50.9%
Can you...stand up? (stand up) (stand up)
50.9%
I caught...a fleeting glimpse
50.9%
I turned...to look, but it was gone
50.9%
I cannot put...my finger on it now
50.3%
I do...believe it's working, good
47.8%
I can't...explain, you would not understand
46%
(1 word)OK (OK) (OK)
45.7%
Now...I've got that feeling once again
44.4%
The child...is grown
43.5%
That'll keep you...going through the show
32.6%

You're not logged in!

Compare scores with friends on all Sporcle quizzes.
OR
Log In

You Might Also Like...

Show Comments

Extras

Top Quizzes Today


Score Distribution

Your Account Isn't Verified!

In order to create a playlist on Sporcle, you need to verify the email address you used during registration. Go to your Sporcle Settings to finish the process.

Report this User

Report this user for behavior that violates our Community Guidelines.

Details: